000 00593nam a2200193Ia 4500
005 20250508151300.0
008 008 250505s9999 xx 000 0 eng d
037 _aTextual
040 _aFEDL
_beng
_cFEDL
041 _aeng
_2eng
084 _a372.942, GRE
_qFEDL
100 _aGreenough James C
_9758767
245 0 _aEvolution of the elementary schools of Great Britain
260 _aNew York, USA
_bD Appleton - Century Company
_c1903
300 _axxxii,265p
490 _aInternational education series
942 _cTEXL
_h372.942, GRE
999 _c1328817
_d1328817